Music Quiz

Random Music or Song Quiz

Eyes In Song Lyrics Quiz Stats

 Plays Quiz Updated Mar 10, 2019

Score 0/21 Timer 05:00
0 Plays Today
% Correct
Thriller - Michael Jackson
76.5%
Roar - Katy Perry
72.1%
Sweet Child O' Mine - Guns N' Roses
64.3%
You've Lost That Lovin' Feelin'- The Righteous Brothers
61.2%
You Shook Me All Night Long - AC|DC
59.4%
Lola - The Kinks
57.2%
(Everything I Do) I Do It for You - Bryan Adams
53.3%
Hello - Lionel Richie
52.8%
Wrecking Ball - Miley Cyrus
51%
Jolene - Dolly Parton
50.6%
Sunday Bloody Sunday - U2
46.7%
% Correct
Like a Prayer - Madonna
42.3%
Careless Whisper - George Michael
36.2%
Little Red Corvette - Prince
32.3%
Bat Out of Hell - Meat Loaf
28.6%
Mary’s Song - Taylor Swift
24.6%
Crazy in Love - Beyoncé
23.9%
Wherever I Lay My Hat - Paul Young
19.2%
The Power of Love - Jennifer Rush
19%
Bed of Roses - Bon Jovi
17.1%
Te Amo - Rihanna
7.9%

You're not logged in!

Compare scores with friends on all Sporcle quizzes.
OR
Log In

Sporcle TV

Today on Sporcle TV


Watch our educational content, quiz creation guides, and fun videos on Sporcle TV.

Show Comments

Extras

Top Quizzes Today


Score Distribution

Your Account Isn't Verified!

In order to create a playlist on Sporcle, you need to verify the email address you used during registration. Go to your Sporcle Settings to finish the process.

Report this User

Report this user for behavior that violates our Community Guidelines.

Details: